00569nam a2200205 a 4500001001300000003000900013005001700022008004100039020002300080082001500103100002500118245004400143260004200187300000900229500003500238505001000273650003600283650001900319700002500338nice12345678IN_TiNIC20260116013114.0050524s1991 loua grp 000 0 eng  a0664926 c10000a266.2bMIT aMitchell, Margaret M aPaul and the Rhetoric of Reconciliation aLouisvillebWestminister Press c1991 a380p aincludes index and biblioraphy2 aIndex aBible N.T. Epistles Corinthians aBible-Rhetoric1 aMitchell, Margaret M